000 00250nam a2200097Ia 4500
082 _aEF FISH
245 0 _aReturn of the tall man
100 _a FISHER, Clay Bath, 2003
_996491
942 _cBK
008 210817s9999 xx 000 0 und d
999 _c405589
_d405588